LDR 00931naa#a2200157#i#450# 001 RU\\bibl\126032 005 20260630101041.2 011 ## _a3033-7879 100 ## _a20260331b2026####ek#y0rusy0150####ca 102 ## _aRU 200 1# _aСовременная парадигма законности - отзыв официального оппонента на диссертацию С.Г. Нистратова “Теоретико-правовой анализ контроля и надзора в механизме обеспечения законности: инструментальный подход” (Волгоград, 2025. 256 с.) _eЖурнальная статья 210 1# _aВолгоград _cВолгоградская академия МВД России _d2026 215 ## _a0 с. 608 ## _aЖурнальная статья _2local 700 #1 _aРепьев _gАртем Григорьевич 856 4# _ava-mvd.editorum.ru _u